Green Day Lyrics - Hitchin' a Ride - Statistics

General Stats
  • This quiz has been taken 100 times
  • The average score is 142 of 191
Answer Stats
Hitchin' a Ride % Correct
a
98%
I
96%
you
96%
Are
90%
where
90%
in
88%
no
88%
Hey,
86%
hey
86%
hitchin'
86%
Hitchin'
86%
ride
86%
hurry?
84%
oh
84%
The
84%
the
84%
I'm
82%
mister,
82%
One,
78%
one,
78%
three,
78%
two,
78%
Do
76%
four
76%
know
76%
of
76%
Say
76%
say
76%
to
76%
as
72%
well
72%
and
70%
headed?
70%
youth
70%
break
68%
fountain
68%
happy
68%
hour
68%
Need
68%
need
68%
poison
68%
at
66%
lie
66%
spirits?
66%
for
64%
goin')
64%
goin)
64%
goin'
64%
lift
64%
times,
64%
cannot
62%
distilled
62%
(Don't
62%
Don't
62%
There's
62%
Troubled
62%
dehydrated
60%
drought
60%
gettin'
60%
is
60%
My
60%
stale
60%
Cold
58%
crow
58%
eatin'
58%
salmonella,
58%
oak,
56%
turkey's
56%
wagon
56%
Tonight,
54%
off
52%
Fermented
50%
inebriates
50%
swellin'
50%
up,
50%
Shit
48%
that
48%
tongue
48%
said
46%
Now
44%
brake
40%
guilt
40%
birthday
26%
boys,
22%
No matching quizzes found
Score Distribution
Percent of People with Each Score
Percentile by Number Answered
Your Score History
You have not taken this quiz